Simulation of a Metal Vapor Active Media Power Supply; Micro/Nanotechnologies and Electron Devices (EDM)

Bibliografische gegevens
Parent link:Micro/Nanotechnologies and Electron Devices (EDM).— 2018.— [P. 598-601]
Coauteur: Национальный исследовательский Томский политехнический университет Инженерная школа неразрушающего контроля и безопасности Отделение электронной инженерии
Andere auteurs: Musorov I. S. Ilia Sergeevich, Ogorodnikov D. N. Dmitry Nikolaevich, Torgaev S. N. Stanislav Nikolaevich, Evtushenko G. S. Gennady Sergeevich
Samenvatting:Title screen
The results of the development of the high-frequency metal vapor active media power supply are presented. The results of OrCAD simulation of the processes that occur in the power supply are described. The results of the simulation and experiment for the resistive load operation mode were compared.
Режим доступа: по договору с организацией-держателем ресурса
Taal:Engels
Gepubliceerd in: 2018
Onderwerpen:
Online toegang:https://doi.org/10.1109/EDM.2018.8435009
Formaat: Elektronisch Hoofdstuk
KOHA link:https://koha.lib.tpu.ru/cgi-bin/koha/opac-detail.pl?biblionumber=660005

MARC

LEADER 00000naa0a2200000 4500
001 660005
005 20250828094512.0
035 |a (RuTPU)RU\TPU\network\28884 
035 |a RU\TPU\network\28880 
090 |a 660005 
100 |a 20190416d2018 k y0engy50 ba 
101 0 |a eng 
135 |a drcn ---uucaa 
181 0 |a i  
182 0 |a b 
200 1 |a Simulation of a Metal Vapor Active Media Power Supply  |f I. S. Musorov [et al.] 
203 |a Text  |c electronic 
300 |a Title screen 
320 |a [References: 9 tit.] 
330 |a The results of the development of the high-frequency metal vapor active media power supply are presented. The results of OrCAD simulation of the processes that occur in the power supply are described. The results of the simulation and experiment for the resistive load operation mode were compared. 
333 |a Режим доступа: по договору с организацией-держателем ресурса 
463 |t Micro/Nanotechnologies and Electron Devices (EDM)  |o 19th International Conference of Young Specialists, 29 June - 3 July 2018, Erlagol (Altai Republic), Russia  |v [P. 598-601]  |d 2018 
610 1 |a электронный ресурс 
610 1 |a труды учёных ТПУ 
610 1 |a brightness amplifier 
610 1 |a high pulse repetition frequency 
610 1 |a radial profile 
610 1 |a amplification 
610 1 |a radiation 
610 1 |a усилители яркости 
610 1 |a усиление 
610 1 |a излучение 
701 1 |a Musorov  |b I. S.  |c Specialist in the field of electronics  |c Assistant of the Department of Tomsk Polytechnic University  |f 1991-  |g Ilia Sergeevich  |3 (RuTPU)RU\TPU\pers\39791 
701 1 |a Ogorodnikov  |b D. N.  |c specialist in the field of electronics  |c Associate Professor of Tomsk Polytechnic University, Candidate of technical sciences  |f 1974-  |g Dmitry Nikolaevich  |3 (RuTPU)RU\TPU\pers\33695  |9 17326 
701 1 |a Torgaev  |b S. N.  |c specialist in the field of electronics  |c associate Professor of Tomsk Polytechnic University, candidate of physico-mathematical Sciences  |f 1984-  |g Stanislav Nikolaevich  |3 (RuTPU)RU\TPU\pers\31663  |9 15800 
701 1 |a Evtushenko  |b G. S.  |c Doctor of Technical Sciences, Professor of Tomsk Polytechnic University (TPU)  |c Russian specialist in electrophysics  |f 1947-  |g Gennady Sergeevich  |3 (RuTPU)RU\TPU\pers\29009  |9 13729 
712 0 2 |a Национальный исследовательский Томский политехнический университет  |b Инженерная школа неразрушающего контроля и безопасности  |b Отделение электронной инженерии  |3 (RuTPU)RU\TPU\col\23507 
801 1 |a RU  |b 63413507  |c 20141010 
801 2 |a RU  |b 63413507  |c 20190416  |g RCR 
856 4 |u https://doi.org/10.1109/EDM.2018.8435009 
942 |c CF